01550nam a2200277 i 4500001000700000003000900007005001700016008004100033040001900074100002500093245044300118250005300561260004900614300003200663594004300695595010500738596005100843597003100894597002400925597002100949650003700970650004101007852007901048999001901127952012601146154405ES-MaACL20250809014622.0931025s1671 fr |||| | lat d aSR bspa cPAB1 aGómez Bayo.95783210aD. D. Gomezii Bayo ... Praxis ecclesiastica et saecularis b: in tres partes distributa, I : jurisdictionem ecclesiasticam, civilem et criminalem, ordinariam & delegatam octo libris complectitur, II : tractat de causis matrimonialibus, beneficialibus, dispensationibus & facultatibus Nuncii Apostolici, & commissarii cruciatae, III : plurimas quaestiones ad utrumque forum spectantes de rescriptis, clausulis ... tandemque repertorium ... aNunc primum typis lugdunensibus in lucem prodit. aLugduni : bex officina Anissoniana, c1671. a[16], 436, [44] p. ; cFol. aTexto de la I y II parte en español. aPodrían existir dos ed. con igual pie de imp., que se distinguirían por utilizar la "v" o la "u" aMarca tip. grab. xil.: "Papillon f.", en port. aSign.: a-b4, A-Z6, 2A-2R6. aPort. a dos tintas. aTexto a dos col.07aDerecho canónico2embne91165507aDerecho eclesiástico2embne911703 aES-MaACLjR-3354 z-- Enc. perg. x-- Edic.: en esta ed. se utiliza la "v" c154405d154405 001040708LIBXVIIaATENEOMbATENEOMcDEPOd2008-01-17eSSCl0oR-3354p1161467r2023-02-23 00:00:00w2023-02-23yMONANT